[Event "Bad Woerishofen open"]
[Site "Bad Woerishofen"]
[Date "2004.03.19"]
[Round "2"]
[White "Schiffer, Steve"]
[Black "Pirrot, Dieter"]
[Result "1-0"]
[WhiteElo "2180"]
[BlackElo "2406"]
[PlyCount "65"]
[EventDate "2004.03.19"]

1. e4 e5 2. Nf3 Nf6 3. Nxe5 d6 4. Nf3 Nxe4 5. d4 d5 6. Bd3 Bd6 7. O-O O-O 8. c4
c6 9. Nc3 Nxc3 10. bxc3 dxc4 11. Bxc4 Bg4 12. h3 Bh5 13. Re1 Nd7 14. g4 Bg6 15.
Bg5 Qa5 16. Be7 Bxe7 17. Rxe7 Nb6 18. Qb3 Nxc4 19. Qxc4 Rae8 20. Rae1 Rxe7 21.
Rxe7 h5 22. Re5 b5 23. gxh5 Bb1 24. Qxc6 Qxa2 25. Re8 f6 26. Qxb5 Rxe8 27.
Qxe8+ Kh7 28. Nh4 Qd2 29. Ng6 Qg5+ 30. Kh2 Qxh5 31. Nf8+ Kh6 32. Qxh5+ Kxh5 33.
d5 1-0

[Event "Bad Woerishofen open"]
[Site "Bad Woerishofen"]
[Date "2004.03.19"]
[Round "2"]
[White "Kreiling, Carsten"]
[Black "Palo, Davor"]
[Result "0-1"]
[WhiteElo "2217"]
[BlackElo "2505"]
[PlyCount "80"]
[EventDate "2004.03.19"]

1. d4 Nf6 2. Nf3 e6 3. c4 b6 4. a3 Bb7 5. Nc3 d5 6. cxd5 Nxd5 7. e3 Nd7 8. Bd3
Be7 9. O-O O-O 10. e4 Nxc3 11. bxc3 c5 12. Bb2 Rc8 13. Qe2 Qc7 14. Rac1 Nf6 15.
Ne5 Bd6 16. f4 Qe7 17. Nc4 Bb8 18. e5 Nd5 19. Bxh7+ Kxh7 20. Qh5+ Kg8 21. Rf3
Nf6 22. exf6 Bxf3 23. fxe7 Bxh5 24. exf8=Q+ Kxf8 25. Ne5 Ke8 26. g4 Bxe5 27.
dxe5 Bxg4 28. Rc2 Rd8 29. Kf2 Bd1 30. Rc1 Rd2+ 31. Ke3 Rxh2 32. Rxd1 Rxb2 33.
Rg1 g6 34. a4 Ra2 35. Rh1 Rxa4 36. Rh8+ Ke7 37. Rb8 Rc4 38. Kd3 Rxf4 39. Rb7+
Kf8 40. Rxa7 Rf3+ 0-1

[Event "Bad Woerishofen open"]
[Site "Bad Woerishofen"]
[Date "2004.03.19"]
[Round "2"]
[White "Krivoshey, Sergeij"]
[Black "Gypser, Andreas Dr."]
[Result "1-0"]
[WhiteElo "2501"]
[BlackElo "2218"]
[PlyCount "81"]
[EventDate "2004.03.19"]

1. Nf3 d5 2. d4 Nf6 3. c4 e6 4. Nc3 Be7 5. Bg5 O-O 6. e3 h6 7. Bxf6 Bxf6 8. Qb3
c5 9. cxd5 cxd4 10. Nxd4 exd5 11. Qxd5 Qb6 12. O-O-O Nc6 13. Na4 Qb4 14. Qb5
Bxd4 15. exd4 Bg4 16. f3 Rac8 17. Nc3 Be6 18. Kb1 Rfd8 19. d5 Bf5+ 20. Bd3 Qxb5
21. Nxb5 Bxd3+ 22. Rxd3 Ne5 23. Rd4 a6 24. Nc3 Nc4 25. a4 Rd7 26. Rc1 Nd6 27.
Ne4 Rxc1+ 28. Kxc1 Nxe4 29. fxe4 f6 30. Kd2 Kf7 31. Kd3 Ke7 32. Rb4 f5 33. Rb6
Kf7 34. Rb3 Kf6 35. Kd4 fxe4 36. Kxe4 Re7+ 37. Kd4 Re2 38. Rf3+ Kg6 39. d6 Rxb2
40. d7 Rd2+ 41. Rd3 1-0

[Event "Bad Woerishofen open"]
[Site "Bad Woerishofen"]
[Date "2004.03.19"]
[Round "2"]
[White "Rumpf, Thomas"]
[Black "Burmakin, Vladimir"]
[Result "0-1"]
[WhiteElo "2237"]
[BlackElo "2596"]
[PlyCount "84"]
[EventDate "2004.03.19"]

1. e4 c6 2. d4 d6 3. Nf3 Nd7 4. Bd3 e5 5. O-O Be7 6. c3 Qc7 7. Re1 Nf8 8. Nbd2
Ng6 9. Nf1 Nf6 10. Ng3 O-O 11. Nf5 Bd8 12. dxe5 dxe5 13. Bc2 Ne7 14. N3h4 Nxf5
15. Nxf5 g6 16. Nh6+ Kg7 17. h3 Be7 18. Ng4 Bxg4 19. hxg4 h5 20. gxh5 Nxh5 21.
g3 Rh8 22. Be3 Rh7 23. Qf3 Rah8 24. Kf1 c5 25. Rad1 Nf6 26. Bd3 c4 27. Bc2 Rh2
28. Ke2 Bc5 29. Kd2 Bxe3+ 30. Rxe3 Qb6 31. Kc1 Rxf2 32. Qxf2 Ng4 33. Qf3 Qxe3+
34. Qxe3 Nxe3 35. Rd7 b5 36. Kd2 Nf1+ 37. Ke1 Nxg3 38. Rxa7 Rh2 39. Bd1 Rh1+
40. Kf2 Nxe4+ 41. Ke3 Re1+ 42. Be2 Ng3 0-1

[Event "Bad Woerishofen open"]
[Site "Bad Woerishofen"]
[Date "2004.03.19"]
[Round "2"]
[White "Levin, Felix"]
[Black "Einwiller, Bernd"]
[Result "1-0"]
[WhiteElo "2486"]
[BlackElo "2209"]
[PlyCount "63"]
[EventDate "2004.03.19"]

1. Nf3 Nf6 2. c4 c5 3. Nc3 g6 4. d4 cxd4 5. Nxd4 Bg7 6. e4 Nc6 7. Nc2 d6 8. Be2
O-O 9. O-O Bd7 10. Be3 Ne5 11. f3 Qc7 12. Na3 Rfc8 13. Qd2 a6 14. Rfc1 Be6 15.
Nd5 Bxd5 16. exd5 Qd7 17. Re1 h5 18. h3 Qd8 19. b3 Kh7 20. Rac1 Ned7 21. Nc2
Qf8 22. Nd4 Bh6 23. f4 Ne4 24. Qc2 f5 25. Bf3 Ndf6 26. Ne6 Qg8 27. Qd3 h4 28.
Ng5+ Bxg5 29. fxg5 Nd7 30. Bxe4 Ne5 31. Qd4 fxe4 32. Qxe4 1-0

[Event "Bad Woerishofen open"]
[Site "?"]
[Date "2004.03.19"]
[Round "2"]
[White "Peschlow, Patrick"]
[Black "Korchnoi, Viktor"]
[Result "1/2-1/2"]
[WhiteElo "2231"]
[BlackElo "2569"]
[Annotator "Fritz 7 (90s)"]
[PlyCount "129"]

{B83: Sizilianisch (Scheveninger System)
} 1. e4 c5 (1... e5 2. Nf3 $11) 2. Nf3
e6 3. d4 cxd4 4. Nxd4 Nc6 5. Nc3 d6 6. Be2 Nf6 7. O-O Be7 8. Be3 O-O 9. f4 Bd7
10. Nb3 a5 11. a4 Nb4 12. Bf3 e5 13. Rf2 Qc8 14. h3 {Befestigt g4} 14... Re8
15. Rd2 {Richtet die Aufmerksamkeit auf den rueckstaendigen Bauern} 15... Bf8
16. Kh2 exf4 17. Bxf4 {Wird der Isolani fallen?} 17... Bc6 18. Bxd6 Bxd6+ 19.
Rxd6 Nxe4 20. Nxe4 Bxe4 21. Bxe4 Rxe4 22. c3 Qc7 23. Kh1 ({Weniger gut ist} 23.
cxb4 Re6 24. Rc1 Qb8 (24... Rxd6 $6 25. Rxc7 Rxd1 26. Nxa5 $11) 25. Nxa5 Rxd6
26. Rc8+ Qxc8 27. Qxd6 Qf8 $19) 23... Nc6 24. Rd7 Re1+ 25. Qxe1 Qxd7 26. Rd1
Qc7 27. Nd4 g6 {Punkt f5} 28. Nb5 {Der Springer hat sein Ziel erreicht} 28...
Qf4 29. Rd7 (29. b3 Rc8 $14) 29... Ne5 (29... Qxa4 30. Qf1 Ne5 31. Rxb7 $11)
30. Re7 (30. Rd4 $5 Qf6 31. Nc7 $14) 30... Nd3 $11 31. Qe2 Rd8 32. Re8+ (32.
Nd4 $5 {ist erwaegenswert} 32... Nc5 33. Re3 $14) 32... Rxe8 $15 33. Qxe8+ Kg7
34. Qe2 Nf2+ (34... Qg3 35. Qd2 $15) 35. Kg1 $11 Ne4 36. Nd4 h5 37. Qf3 Qxf3
38. gxf3 Nc5 39. b3 Kf6 40. Kf2 Kg5 41. Kg3 h4+ 42. Kf2 Kf4 43. Ne2+ Ke5 44.
Nc1 g5 45. Ke3 f5 46. Kf2 g4 47. fxg4 fxg4 48. hxg4 Kf4 {
Aktiver Koenig im Endspiel} 49. g5 Kxg5 50. Kf3 Kf5 51. b4 axb4 52. cxb4 Nxa4
53. Nb3 Nc3 54. Na5 b6 55. Nc4 Nd5 56. b5 Kg5 57. Nd6 Nc3 58. Nc4 Nxb5 (58...
Na4 59. Ne5 $11) 59. Nxb6 $11 Nd4+ 60. Kg2 Kg4 {
Der schwarze Koenig wird gefaehrlich} 61. Nd5 h3+ 62. Kh2 Nf3+ 63. Kh1 Nd2 64.
Ne3+ Kg3 65. Nf5+ 1/2-1/2

[Event "Bad Woerishofen open"]
[Site "?"]
[Date "2004.03.19"]
[Round "2"]
[White "Graf, Christian"]
[Black "Sawtchenko, Stanislav"]
[Result "0-1"]
[WhiteElo "2227"]
[BlackElo "2543"]
[PlyCount "134"]

1. e4 c5 2. c3 Nf6 3. e5 Nd5 4. d4 cxd4 5. cxd4 d6 6. Nf3 Nc6 7. Bc4 Nb6 8. Bb5
dxe5 9. Nxe5 Bd7 10. Nc3 e6 11. Bxc6 Bxc6 12. Nxc6 bxc6 13. O-O Be7 14. Be3 O-O
15. Qc2 Nd5 16. Na4 Qa5 17. b3 Rfc8 18. Nc5 Bxc5 19. Qxc5 Qxc5 20. dxc5 a5 21.
Bd2 Rcb8 22. Rab1 f6 23. Rfc1 Kf7 24. Kf1 g5 25. h3 e5 26. Ke2 h5 27. Kf3 h4
28. Ke2 Ke6 29. Kf3 Kf5 30. Rc4 a4 31. b4 Nc7 32. Be3 Rd8 33. Ke2 Rd5 34. Rd1
Rb8 35. Rd3 Ke6 36. Ra3 Ra8 37. Rd3 Rxd3 38. Kxd3 Rb8 39. f3 Kd5 40. Bd2 Rd8
41. Be3 Ke6+ 42. Ke2 Nb5 43. Rc1 Rd7 44. Bf2 Rd5 45. Be3 Kd7 46. Rc4 Kc7 47.
Rc1 Kb7 48. Bf2 Ka6 49. Be3 Nc7 50. Rd1 Kb5 51. a3 Kc4 52. Rxd5 cxd5 53. Bd2
Nb5 54. Bc1 d4 55. Kd2 f5 56. Kc2 e4 57. fxe4 fxe4 58. c6 e3 59. Kd1 Kd3 60.
Bb2 Ke4 61. Ke1 d3 62. Bf6 Kd5 63. c7 Nxc7 64. Bxg5 Ke4 65. Bxh4 Nb5 66. Bf6
Nxa3 67. h4 Nc2+ 0-1

[Event "Bad Woerishofen open"]
[Site "?"]
[Date "2004.03.19"]
[Round "2"]
[White "Kunin, Vitaly"]
[Black "Daeubler, Heinrich"]
[Result "1-0"]
[WhiteElo "2425"]
[BlackElo "2189"]
[PlyCount "43"]

1. d4 d5 2. c4 c6 3. e3 Nf6 4. Nc3 e6 5. Nf3 Nbd7 6. Qc2 dxc4 7. Bxc4 b5 8. Bd3
Bb7 9. O-O a6 10. Rd1 c5 11. dxc5 Bxc5 12. Ng5 Rc8 13. Qe2 Qb6 14. b3 Be7 15.
Bb2 Ne5 16. Be4 Nxe4 17. Ncxe4 Nd7 18. Nxf7 Kxf7 19. Qh5+ g6 20. Qf3+ Nf6 21.
Rd7 e5 22. Rxb7 1-0

[Event "Bad Woerishofen open"]
[Site "?"]
[Date "2004.??.20"]
[Round "3"]
[White "Piankov, Evgenij"]
[Black "Eingorn, Viacheslav"]
[Result "0-1"]
[WhiteElo "2339"]
[BlackElo "2600"]
[PlyCount "44"]

1. d4 e6 2. c3 c5 3. Nf3 Nc6 4. e3 d5 5. Bd3 Bd6 6. O-O Nf6 7. Nbd2 O-O 8. dxc5
Bxc5 9. e4 Qc7 10. exd5 exd5 11. Nb3 Bb6 12. h3 Bxh3 13. gxh3 Qg3+ 14. Kh1
Qxh3+ 15. Nh2 Ne5 16. Be2 Nf3 17. Bf4 Nh4 18. Rg1 Ne4 19. Bg3 Qxg3 20. Rxg3
Nxf2+ 21. Kg1 Nxd1+ 22. Nd4 Nxb2 0-1

[Event "Bad Woerishofen sen"]
[Site "?"]
[Date "2004.03.20"]
[Round "3"]
[White "Hein, Manfred"]
[Black "Goy, Udo"]
[Result "1/2-1/2"]
[WhiteElo "2126"]
[BlackElo "2257"]
[PlyCount "50"]

1. e4 d6 2. d4 Nf6 3. Nc3 c6 4. f3 Nbd7 5. Be3 e5 6. Nge2 Be7 7. Ng3 O-O 8. Nf5
b5 9. a3 Nb6 10. dxe5 dxe5 11. Qxd8 Bxd8 12. Bc5 Re8 13. Nd6 Re6 14. Nxc8 Nxc8
15. Rd1 Re8 16. Nxb5 Rb8 17. Nxa7 Nxa7 18. Bxa7 Rxb2 19. Bd3 Be7 20. O-O Bxa3
21. Rb1 Ra8 22. Be3 Nd7 23. Ra1 Rbb8 24. Kf2 Kf8 25. Ke2 Bd6 1/2-1/2

[Event "Bad Woerishofen open"]
[Site "?"]
[Date "2004.03.20"]
[Round "3"]
[White "Kummerow, Heiko"]
[Black "Levin, Felix"]
[Result "1/2-1/2"]
[WhiteElo "2241"]
[BlackElo "2486"]
[PlyCount "71"]

1. e4 e5 2. Nf3 Nc6 3. d4 exd4 4. Nxd4 Bc5 5. Be3 Qf6 6. Nb5 Bxe3 7. fxe3 Qh4+
8. g3 Qd8 9. Qg4 g6 10. Qf4 d6 11. N1c3 a6 12. Nd4 Ne5 13. O-O-O Nf6 14. Be2
Bh3 15. Qh4 Bg4 16. Rdf1 Nh5 17. Bxg4 Qxh4 18. gxh4 Nxg4 19. Nd5 Rc8 20. Rhg1
Ne5 21. Rg5 h6 22. Rg2 Rf8 23. Rgf2 c6 24. Nb6 Rb8 25. Ne6 Rg8 26. Nf4 Nf6 27.
Nd3 Nfg4 28. Re2 Rd8 29. h3 Nxd3+ 30. cxd3 Ne5 31. Kd2 Ke7 32. Ref2 Rg7 33. d4
Nd7 34. Nxd7 Rxd7 35. Rf6 h5 36. Kd3 1/2-1/2

[Event "Bad Woerishofen open"]
[Site "?"]
[Date "2004.03.20"]
[Round "3"]
[White "Kveinys, Aloyzas"]
[Black "Vatter, Hans-Joachim"]
[Result "1-0"]
[WhiteElo "2511"]
[BlackElo "2299"]
[PlyCount "81"]

1. d4 Nf6 2. c4 e6 3. Nc3 Bb4 4. Qc2 O-O 5. a3 Bxc3+ 6. Qxc3 b6 7. Bg5 Ba6 8.
e3 d6 9. Bd3 Nbd7 10. Nf3 c5 11. O-O Rc8 12. Rfd1 Qc7 13. Rac1 Bb7 14. Nd2 cxd4
15. Qxd4 h6 16. Bh4 d5 17. b4 Qc6 18. Bf1 e5 19. Qb2 Qe6 20. cxd5 Bxd5 21. f3
e4 22. f4 Qg4 23. Bg3 Nb8 24. Nb3 Bc4 25. Nd4 Bxf1 26. Rxf1 Qd7 27. f5 Nc6 28.
Rcd1 Nxd4 29. Rxd4 Qa4 30. Rd2 Rfd8 31. Rxd8+ Rxd8 32. Be5 Nd5 33. Bxg7 Kh7 34.
Bd4 Rc8 35. Qe2 f6 36. Qh5 Qe8 37. Qxe8 Rxe8 38. Rc1 Re7 39. Rc6 Rd7 40. Kf2
Kg7 41. g4 1-0

[Event "Bad Woerishofen open"]
[Site "?"]
[Date "2004.03.20"]
[Round "3"]
[White "Korchnoi, Viktor"]
[Black "Schmitzer, Peter"]
[Result "1-0"]
[WhiteElo "2569"]
[BlackElo "2128"]
[PlyCount "73"]

1. Nf3 Nf6 2. d4 d5 3. c4 c6 4. Qb3 e6 5. g3 Be7 6. Bg2 O-O 7. O-O Nbd7 8. Rd1
b6 9. Nc3 a5 10. e4 a4 11. Qc2 Nxe4 12. Nxe4 dxe4 13. Qxe4 Nf6 14. Qc2 Bb7 15.
Bf4 Qc8 16. c5 bxc5 17. dxc5 Nd5 18. Ng5 g6 19. Ne4 Nxf4 20. gxf4 Qc7 21. Qc3
Rfd8 22. Qe5 Rd7 23. Bf3 Qxe5 24. fxe5 Rad8 25. Nd6 Bxd6 26. exd6 Ra8 27. b4
Rc8 28. b5 Kf8 29. Rac1 f5 30. Re1 Kf7 31. Rc3 Kf6 32. Rce3 e5 33. Rxe5 cxb5
34. Re6+ Kg5 35. Bxb7 Rxb7 36. c6 Rxc6 37. d7 1-0

[Event "Bad Woerishofen open"]
[Site "?"]
[Date "2004.03.20"]
[Round "3"]
[White "Meier, Volker"]
[Black "Teske, Henrik"]
[Result "0-1"]
[WhiteElo "2317"]
[BlackElo "2543"]
[PlyCount "88"]

1. e4 c5 2. Nf3 g6 3. d4 cxd4 4. Qxd4 Nf6 5. e5 Nc6 6. Qa4 Nd5 7. Qe4 Ndb4 8.
c3 d5 9. Qe2 Na6 10. Bf4 Bg7 11. Nbd2 d4 12. Nb3 dxc3 13. bxc3 O-O 14. Rd1 Qb6
15. Qb5 Bg4 16. Nbd4 Nc7 17. Qxb6 axb6 18. Bc4 Bxf3 19. gxf3 Nxe5 20. Bb3 Na6
21. Ke2 Rfc8 22. Rc1 Nc5 23. Rc2 Ned3 24. Be3 Be5 25. Rd1 Nf4+ 26. Kf1 Nxb3 27.
axb3 Ra3 28. Rb1 Bxd4 29. Bxd4 b5 30. Be3 Nd5 31. c4 Nxe3+ 32. fxe3 Rc5 33. Re2
Kg7 34. Kf2 Kf6 35. cxb5 Rxb5 36. Reb2 Ke5 37. Kg3 Rb4 38. Kf2 h5 39. Kg3 g5
40. f4+ gxf4+ 41. exf4+ Kf5 42. Kh4 Rxf4+ 43. Kxh5 Ra8 44. Kh6 Kf6 0-1

[Event "Bad Woerishofen sen"]
[Site "?"]
[Date "2004.??.20"]
[Round "3"]
[White "Moerger, Karl-Heinz"]
[Black "Igney, Volkhard"]
[Result "0-1"]
[WhiteElo "2105"]
[BlackElo "2230"]
[PlyCount "100"]

1. e4 c6 2. d4 d5 3. Nc3 dxe4 4. Nxe4 Nd7 5. Nf3 Ngf6 6. Nxf6+ Nxf6 7. c3 Bg4
8. Be2 e6 9. Ne5 Bxe2 10. Qxe2 Qd5 11. O-O Be7 12. Bf4 O-O 13. Rfe1 Rad8 14. b4
a5 15. bxa5 Qxa5 16. Bd2 Qc7 17. Rab1 Ra8 18. Qc4 Nd5 19. Qb3 b5 20. Qc2 Nb6
21. c4 f6 22. c5 Nd5 23. Nd3 Qd7 24. Qb3 Ra4 25. Nb4 Kh8 26. Qh3 Nxb4 27. Bxb4
Qxd4 28. Qxe6 Bxc5 29. Bxc5 Qxc5 30. Rbc1 Qd5 31. Qxd5 cxd5 32. Rc5 Rxa2 33.
Rxb5 Rd2 34. Kf1 h6 35. Re7 Ra8 36. Ke1 Rc2 37. Rxd5 Ra1+ 38. Rd1 Rxd1+ 39.
Kxd1 Rxf2 40. Re2 Rxe2 41. Kxe2 Kh7 42. Kf3 Kg6 43. Kf4 Kf7 44. g4 Ke6 45. h4
g6 46. g5 hxg5+ 47. hxg5 f5 48. Ke3 Ke5 49. Kf3 f4 50. Kg4 Ke4 0-1

[Event "Bad Woerishofen sen"]
[Site "?"]
[Date "2004.03.20"]
[Round "3"]
[White "Villing, Dieter"]
[Black "Ladstetter, Josef"]
[Result "1-0"]
[WhiteElo "2231"]
[BlackElo "2122"]
[PlyCount "49"]

1. e4 d5 2. exd5 Qxd5 3. Nc3 Qa5 4. d4 Nf6 5. Nf3 Bf5 6. Bc4 e6 7. Bd2 c6 8.
Nd5 Qd8 9. Nxf6+ Qxf6 10. Qe2 Qd8 11. O-O-O Be7 12. Ne5 Qxd4 13. Rhe1 Bf6 14.
Bc3 Qf4+ 15. Kb1 O-O 16. g3 Qh6 17. h4 Bxe5 18. Qxe5 b5 19. Bb3 a5 20. a3 a4
21. Ba2 Ra7 22. Qc5 Ra6 23. Bb4 Rc8 24. Qe7 c5 25. Rd8+ 1-0

[Event "Bad Woerishofen open"]
[Site "?"]
[Date "2004.03.??"]
[Round "3"]
[White "Poulsen, Martin"]
[Black "Krivoshey, Sergei"]
[Result "1-0"]
[WhiteElo "2501"]
[BlackElo "2274"]
[PlyCount "101"]

1. d4 Nf6 2. c4 c5 3. d5 b5 4. Nd2 bxc4 5. e4 c3 6. bxc3 d6 7. Bb2 g6 8. c4 Bg7
9. Bd3 O-O 10. Qc2 e5 11. dxe6 Bxe6 12. Ngf3 Nc6 13. a3 Bg4 14. O-O Bxf3 15.
Nxf3 Ng4 16. Bxg7 Kxg7 17. h3 Nge5 18. Nd2 Nd4 19. Qc3 Qf6 20. Kh1 g5 21. Rae1
Rab8 22. Rb1 g4 23. Rxb8 Rxb8 24. Bb1 Qh6 25. Re1 gxh3 26. g3 Nef3 27. Nxf3 Rb3
28. Nxd4 Rxc3 29. Nf5+ Kg6 30. Nxh6 Kxh6 31. Kh2 Kg7 32. Kxh3 Kf6 33. Rd1 Ke6
34. Rd3 Rc1 35. Rb3 h6 36. Kg2 Ke5 37. Bd3 a5 38. Be2 Rc2 39. Kf3 a4 40. Rd3
Ke6 41. Ke3 Ke7 42. f3 Ke6 43. Bd1 Rg2 44. Kf4 h5 45. Bxa4 Rh2 46. Bc6 h4 47.
gxh4 Rxh4+ 48. Kg3 Rh1 49. Bd5+ Kf6 50. Rb3 Ra1 51. Kf4 1-0

[Event "Bad Woerishofen open"]
[Site "?"]
[Date "2004.03.20"]
[Round "3"]
[White "Palo, Davor"]
[Black "Loew, Gerald"]
[Result "1-0"]
[WhiteElo "2505"]
[BlackElo "2284"]
[PlyCount "105"]

1. d4 d5 2. c4 Nc6 3. Nf3 Bg4 4. cxd5 Bxf3 5. gxf3 Qxd5 6. e3 e6 7. Nc3 Qh5 8.
f4 Qxd1+ 9. Kxd1 O-O-O 10. Bg2 Nce7 11. Ne4 Nf5 12. Ke2 h6 13. Rd1 Be7 14. Bd2
Nf6 15. Nc5 Nd5 16. Nd3 g5 17. Kf1 Nh4 18. Bh1 Ng6 19. Ne5 Nxe5 20. fxe5 g4 21.
Ke2 Rdg8 22. Rg1 Kb8 23. Be4 f5 24. exf6 Nxf6 25. Bd3 Bd6 26. Rh1 e5 27. Bc3
Nd5 28. Bc4 Nxc3+ 29. bxc3 Rg6 30. h3 gxh3 31. Rxh3 c5 32. dxe5 Bxe5 33. Rc1
Rf6 34. Bd5 Rhf8 35. f4 Bc7 36. Rb1 b6 37. c4 Kc8 38. Rg1 a6 39. a4 Re8 40. Kf3
Rd8 41. Rh5 Rdf8 42. Rg7 Rh8 43. Rg4 Rhf8 44. Rgh4 Rh8 45. e4 Rhf8 46. e5 Rg6
47. Rg4 Rg5 48. Rgxg5 hxg5 49. Rxg5 Rh8 50. Rg8+ Rxg8 51. Bxg8 Kd7 52. Ke4 Bd8
53. f5 1-0

[Event "Bad Woerishofen open"]
[Site "?"]
[Date "2004.03.20"]
[Round "3"]
[White "Berczes, David"]
[Black "Galdunts, Gergey"]
[Result "1/2-1/2"]
[WhiteElo "2305"]
[BlackElo "2506"]
[PlyCount "118"]

1. d4 d5 2. c4 e6 3. Nf3 c5 4. cxd5 exd5 5. Nc3 Nc6 6. g3 Nf6 7. Bg2 Be7 8. O-O
O-O 9. dxc5 Bxc5 10. Na4 Be7 11. Be3 Re8 12. Rc1 Bg4 13. h3 Bh5 14. Nc5 Na5 15.
Nd3 Bg6 16. Nde5 Bd6 17. Nxg6 hxg6 18. Bd4 Nc6 19. Bc3 Qb6 20. e3 Rad8 21. Qb3
Bc5 22. Qxb6 Bxb6 23. Rfd1 Ne4 24. Nd4 Ne5 25. Ne2 Nc6 26. Nd4 Ne5 27. b3 Rc8
28. Bb2 Rxc1 29. Bxc1 Nc3 30. Rd2 Bxd4 31. exd4 Nf3+ 32. Bxf3 Re1+ 33. Kg2 Rxc1
34. a4 a5 35. Rd3 f5 36. Re3 Ne4 37. Bxe4 dxe4 38. d5 Kf7 39. f3 Rc2+ 40. Kg1
exf3 41. Rxf3 Rc7 42. Re3 Rd7 43. Re6 Rxd5 44. Rb6 Rd3 45. Kg2 g5 46. Rxb7+ Kf6
47. b4 axb4 48. Rxb4 Ra3 49. Rb6+ Ke5 50. Rg6 Ra2+ 51. Kf3 Ra3+ 52. Kg2 Rxa4
53. Rxg5 Kf6 54. h4 Rg4 55. Rxg4 fxg4 56. Kf2 Ke5 57. Ke3 g6 58. Kd3 Kd5 59.
Ke3 Ke5 1/2-1/2

[Event "Bad Woerishofen open"]
[Site "Bad Woerishofen"]
[Date "2004.03.20"]
[Round "3"]
[White "Pitl, Gregory"]
[Black "Kunin, Vitaly"]
[Result "1-0"]
[WhiteElo "2261"]
[BlackElo "2425"]
[PlyCount "49"]
[EventDate "2004.03.19"]

1. e4 d6 2. d4 Nf6 3. Nc3 e5 4. Nf3 Nbd7 5. g4 Nxg4 6. Rg1 exd4 7. Nxd4 Nde5 8.
h3 Nf6 9. f4 Nc6 10. Be3 Bd7 11. Qf3 g6 12. O-O-O Nxd4 13. Bxd4 Bc6 14. Bb5 Bg7
15. e5 Nd7 16. Bxc6 bxc6 17. e6 fxe6 18. Bxg7 Rg8 19. Bh6 d5 20. Bg5 Qc8 21. f5
e5 22. Nxd5 cxd5 23. Qxd5 Rg7 24. Qe6+ Kf8 25. Bh6 1-0

[Event "Bad Woerishofen open"]
[Site "Bad Woerishofen"]
[Date "2004.03.??"]
[Round "3"]
[White "Hermann, Manfred"]
[Black "Kengis, Edvins"]
[Result "1/2-1/2"]
[WhiteElo "2318"]
[BlackElo "2578"]
[PlyCount "39"]
[EventDate "2004.03.19"]

1. e4 c5 2. c3 d5 3. exd5 Qxd5 4. d4 g6 5. Na3 Nf6 6. Nb5 Na6 7. Nf3 Bg7 8. Be2
cxd4 9. Qxd4 Qxd4 10. Nfxd4 O-O 11. O-O Bd7 12. Nb3 Rfc8 13. Rd1 Nc5 14. Bf4
Ne6 15. Be5 Bc6 16. Bc4 Ng4 17. Bxe6 fxe6 18. Bxg7 Bxb5 19. Bd4 b6 20. f3
1/2-1/2

[Event "Bad Woerishofen open"]
[Site "Bad Woerishofen"]
[Date "2004.03.20"]
[Round "3"]
[White "Savchenko, Stanislav"]
[Black "Schuette, Marco"]
[Result "1-0"]
[WhiteElo "2543"]
[BlackElo "2305"]
[PlyCount "64"]
[EventDate "2004.03.19"]

1. d4 d5 2. c4 Nc6 3. Nf3 Bg4 4. Nc3 e6 5. Bg5 f6 6. cxd5 exd5 7. Bf4 Qd7 8. e3
Bb4 9. Rc1 Nge7 10. h3 Be6 11. Bd3 a6 12. a3 Bd6 13. Bxd6 Qxd6 14. Qc2 g6 15.
Na4 b6 16. b4 O-O 17. O-O Ra7 18. Nc3 Nb8 19. Rfe1 Nd7 20. e4 c5 21. exd5 Bf7
22. dxc5 bxc5 23. Ne4 Qxd5 24. bxc5 Rc8 25. Qe2 Nf5 26. Bc4 Qc6 27. Bxf7+ Kxf7
28. g4 Rg8 29. Nd6+ Kg7 30. gxf5 Kh8 31. Nf7+ Kg7 32. Qe7 Ne5 1-0

[Event "Bad Woerishofen open"]
[Site "Bad Woerishofen"]
[Date "2004.03.20"]
[Round "3"]
[White "Burmakin, Vladimir"]
[Black "Maeder, Karl-Heinz"]
[Result "1-0"]
[WhiteElo "2596"]
[BlackElo "2320"]
[PlyCount "71"]
[EventDate "2004.03.19"]

1. Nf3 Nf6 2. d4 g6 3. c4 Bg7 4. Nc3 O-O 5. e4 d6 6. Be2 e5 7. O-O Nc6 8. Be3
Ng4 9. Bg5 f6 10. Bc1 Qd7 11. d5 Ne7 12. Ne1 h5 13. Nd3 c5 14. h3 Nh6 15. f4
Nf7 16. fxe5 fxe5 17. Be3 Kh7 18. Qe1 Ng8 19. Qh4 b6 20. g4 Qe7 21. g5 Bh6 22.
Kh1 Ba6 23. Rg1 Bxc4 24. b3 Ba6 25. a4 Nh8 26. Nb5 Rf7 27. Qg3 Bg7 28. Bxh5 Rf4
29. Bf3 Raf8 30. Bxf4 exf4 31. Qh4+ Bh6 32. Rg4 Qg7 33. Rd1 Bxb5 34. axb5 Qd4
35. gxh6 Qe3 36. Rxf4 1-0

[Event "Bad Woerishofen open"]
[Site "Bad Woerishofen"]
[Date "2004.03.20"]
[Round "3"]
[White "Gutman, Lev"]
[Black "Schippan, Bernhard"]
[Result "1/2-1/2"]
[WhiteElo "2497"]
[BlackElo "2265"]
[PlyCount "63"]
[EventDate "2004.03.19"]

1. Nf3 f5 2. g3 Nf6 3. Bg2 g6 4. c3 Nc6 5. d4 e6 6. Bg5 Bg7 7. Nbd2 h6 8. Bxf6
Qxf6 9. e4 d6 10. Qb3 O-O 11. exf5 gxf5 12. O-O Kh8 13. d5 exd5 14. Qxd5 Ne5
15. Nxe5 dxe5 16. Qc5 Qb6 17. Nb3 Rb8 18. Rad1 e4 19. f3 Qxc5+ 20. Nxc5 b6 21.
Nd7 Bxd7 22. Rxd7 exf3 23. Bxf3 Be5 24. Re1 Rbe8 25. Rf1 Bd6 26. Bh5 Re6 27.
Kg2 f4 28. gxf4 Bxf4 29. Kh3 Ref6 30. Rg1 Rg8 31. Rxg8+ Kxg8 32. Kg2 1/2-1/2

[Event "Bad Woerishofen open"]
[Site "Bad Woerishofen"]
[Date "2004.03.20"]
[Round "3"]
[White "Skembris, Spyridon"]
[Black "Becker, Martin"]
[Result "1-0"]
[WhiteElo "2442"]
[BlackElo "2261"]
[PlyCount "159"]
[EventDate "2004.03.19"]

1. d4 d5 2. c4 e6 3. Nf3 Nf6 4. Nc3 Be7 5. Bg5 h6 6. Bh4 O-O 7. e3 Ne4 8. Bg3
c5 9. Bd3 Nxg3 10. hxg3 cxd4 11. exd4 dxc4 12. Bxc4 Nc6 13. Qd2 Bf6 14. O-O-O
a6 15. Ne4 b5 16. Bb3 Bb7 17. Bc2 Re8 18. Qf4 Nb4 19. Nxf6+ Qxf6 20. Qxf6 gxf6
21. Bb1 Rac8+ 22. Kd2 Kg7 23. Rh4 f5 24. a3 Bxf3 25. gxf3 Nd5 26. g4 f4 27.
Rdh1 Rh8 28. Kd3 b4 29. axb4 Nxb4+ 30. Ke4 Rc4 31. g5 h5 32. Kxf4 Rxd4+ 33. Be4
f5 34. gxf6+ Kxf6 35. Ke3 e5 36. Rxh5 Rxh5 37. Rxh5 Nd5+ 38. Bxd5 Rxd5 39. Rh6+
Kf5 40. Rxa6 Rb5 41. Ra2 Rb3+ 42. Ke2 Kg5 43. Kf1 Kf5 44. Kg2 Kf4 45. Kf1 Kg5
46. Ke1 Kf4 47. Ke2 Kg5 48. Kd1 Kf4 49. Kc1 Kxf3 50. Ra5 e4 51. Rf5+ Ke2 52.
Rf4 e3 53. fxe3 Kxe3 54. Ra4 Kd3 55. Kb1 Rb5 56. Ka2 Ke2 57. Rc4 Kd3 58. b3
Ra5+ 59. Kb2 Ra8 60. Rh4 Re8 61. Ka3 Ra8+ 62. Ra4 Rb8 63. Ra5 Ke3 64. Rc5 Kd4
65. b4 Ra8+ 66. Kb3 Ra1 67. Rh5 Rb1+ 68. Ka4 Ra1+ 69. Kb5 Rb1 70. Ka5 Kc4 71.
b5 Rb2 72. Ka6 Ra2+ 73. Kb7 Rb2 74. b6 Kb4 75. Kb8 Kc4 76. b7 Rg2 77. Ra5 Kb4
78. Ra1 Kb5 79. Ka7 Rg7 80. Ka8 1-0

[Event "Bad Woerishofen open"]
[Site "Bad Woerishofen"]
[Date "2004.03.20"]
[Round "3"]
[White "Schmidt, Bernhard"]
[Black "Dittmar, Peter"]
[Result "0-1"]
[WhiteElo "2245"]
[BlackElo "2369"]
[PlyCount "176"]
[EventDate "2004.03.19"]

1. d4 d5 2. c4 e6 3. Nc3 Nf6 4. Nf3 c5 5. cxd5 Nxd5 6. e4 cxd4 7. Qxd4 Nxc3 8.
Qxc3 Nc6 9. Bb5 Bd7 10. O-O Qb6 11. a4 Qc5 12. Qd3 Qd6 13. Qe2 a6 14. Rd1 Qc7
15. Bxc6 Bxc6 16. Nd4 Bc5 17. Nxc6 Qxc6 18. Be3 Bxe3 19. Qxe3 O-O 20. Rdc1 Qd7
21. Rd1 Qe7 22. Qb6 Rfd8 23. Rac1 Rxd1+ 24. Rxd1 Rc8 25. g3 h6 26. Qd4 Rc7 27.
Qd8+ Qxd8 28. Rxd8+ Kh7 29. Rd4 Kg6 30. Kf1 Kf6 31. Ke2 Rc2+ 32. Rd2 Rc4 33.
Rd7 Rxe4+ 34. Kd3 Rb4 35. Kc3 a5 36. Rc7 b5 37. axb5 Rxb5 38. h4 g5 39. hxg5+
hxg5 40. Ra7 g4 41. b3 Rf5 42. Kc4 Rxf2 43. Rxa5 Rc2+ 44. Kb5 Rc3 45. b4 Rxg3
46. Ka6 Rb3 47. b5 g3 48. b6 e5 49. b7 Kf5 50. Rb5 Rxb5 51. Kxb5 g2 52. b8=Q
g1=Q 53. Qc8+ Kf6 54. Qh8+ Qg7 55. Qd8+ Kg6 56. Qd3+ f5 57. Qg3+ Kf7 58. Qd3
Qf6 59. Qd7+ Kg6 60. Qe8+ Kg5 61. Qg8+ Kf4 62. Qc4+ e4 63. Qf1+ Ke5 64. Qa1+
Ke6 65. Qa2+ Ke7 66. Qa7+ Kf8 67. Qb8+ Kf7 68. Qc7+ Qe7 69. Qc4+ Kf6 70. Ka4
Qd7+ 71. Ka5 Qd2+ 72. Ka4 Kg5 73. Qg8+ Kf4 74. Qh8 Qd1+ 75. Ka5 Qd5+ 76. Ka6 e3
77. Qh4+ Ke5 78. Qg3+ f4 79. Qg5+ Ke4 80. Qh4 Qc4+ 81. Kb7 Kd3 82. Ka8 Qe4+ 83.
Kb8 e2 84. Qe1 Qe5+ 85. Ka8 Qd5+ 86. Kb8 Qb3+ 87. Ka8 Qa4+ 88. Kb8 Qd1 0-1